Normal view
MARC view
- المساجد- الاحكام الشرعية
Entry Topical Term
001 - CONTROL NUMBER
- control field: 13063
003 - CONTROL NUMBER IDENTIFIER
- control field: JO-AjAnu
005 - DATE AND TIME OF LATEST TRANSACTION
- control field: 20230606072406.0
008 - FIXED-LENGTH DATA ELEMENTS
- fixed length control field: 230606|| aca||aabn | a|a d
040 ## - CATALOGING SOURCE
- Original cataloging agency: JO-AjAnu
- Transcribing agency: JO-AjAnu
150 ## - HEADING--TOPICAL TERM
- Topical term or geographic name entry element: المساجد- الاحكام الشرعية
670 ## - SOURCE DATA FOUND
- Source citation: Work cat.: (JO-AjAnu)6721: الحنبلي، تقي الدين أبي بكر بن زيد الجراعي ؛ تحقيق: طه الولي, author 13062, تحفة الراكع والساجد في أحكام المساجد